Statistiques concernant Pays d'Europe à l'aveugle

Cliquez ici pour prendre le quiz!

Statistiques générales

  • Ce quiz a été pris 249 fois
  • Le résultat moyen est 40 sur 45

Statistiques - réponses

Réponse% Correct
France
99%
Espagne
97%
Norvège
95%
Royaume-Uni
95%
Allemagne
94%
Belgique
94%
Irlande
94%
Italie
94%
Lettonie
94%
Lituanie
94%
Portugal
94%
Suède
94%
Estonie
93%
Finlande
93%
Islande
93%
Pays-Bas
93%
Suisse
93%
Pologne
92%
Andorre
91%
Autriche
91%
Roumanie
91%
Russie
91%
Ukraine
91%
Biélorussie
90%
Croatie
90%
Grèce
90%
Luxembourg
90%
Slovaquie
90%
Slovénie
90%
Bulgarie
89%
Malte
89%
Danemark
88%
Hongrie
88%
Kosovo
88%
République Tchèque
88%
Macédoine
87%
Albanie
86%
Monténégro
86%
Serbie
86%
Vatican
86%
Monaco
85%
Saint-Marin
85%
Moldavie
83%
Liechtenstein
74%
Bosnie-Herzégovine
71%

Distribution des résultats

Percentile par nombre de réponses

% des personnes avec chaque résultat

Votre développement - résultats

Vous n’avez pas pris ce quiz